| 000 | 01848cam a22004694a 4500 | ||
|---|---|---|---|
| 001 | 39513 | ||
| 005 | 20230410101649.0 | ||
| 008 | 050630s2005 nyu b 001 0deng | ||
| 010 | _a 2005018780 | ||
| 035 | _a(OCoLC)ocm60796221 | ||
| 040 |
_aDLC _cDLC _dYDX _dBAKER _dUKM _dPUL _dVP@ _dCOO _dIG# _dYDXCP _dBTCTA |
||
| 015 |
_aGBA579922 _2bnb |
||
| 016 | 7 |
_a013297047 _2Uk |
|
| 020 | _a1583226974 (pbk. : alk. paper) | ||
| 020 | _a9781583226971 (pbk. : alk. paper) | ||
| 029 | 1 |
_aNLGGC _b280449984 |
|
| 029 | 1 |
_aIG# _b1583226974 |
|
| 029 | 1 |
_aYDXCP _b2219351 |
|
| 035 | _a(OCoLC)60796221 | ||
| 042 | _apcc | ||
| 043 | _anwht--- | ||
| 050 | 1 | 4 |
_a110 F 1928.2 _bD324n 2005 |
| 100 | 1 | _aDeibert, Michael. | |
| 245 | 1 | 0 |
_aNotes from the last testament : _bthe struggle for Haiti / _cMichael Deibert. |
| 250 | _aA Seven Stories Press 1st ed. | ||
| 260 |
_aNew York : _bSeven Stories Press, _cc2005. |
||
| 300 |
_axix, 454 p. ; _c23 cm. |
||
| 504 | _aIncludes bibliographical references (p. 437) and index. | ||
| 505 | 0 | _aSaint-Domingue -- Rocks in the sun -- Marassa in the kingdom -- The crocodile of Delmas -- Putting our heads together -- La pe nan tet, lape nan vant -- Small hours in the night -- Bizoton -- The people's pencil has no eraser -- Among the masters of the dew -- The last testament. | |
| 651 | 0 |
_aHaiti _xHistory _y1986- |
|
| 600 | 1 | 0 | _aAristide, Jean-Bertrand. |
| 600 | 1 | 0 | _aDeibert, Michael. |
| 650 | 4 | _aCEH | |
| 650 | _aColección Estudios Haitianos | ||
| 856 | 4 | 1 |
_3Table of contents _uhttp://www.loc.gov/catdir/toc/ecip0515/2005018780.html |
| 938 |
_aBaker & Taylor _bBKTY _c22.95 _d17.21 _i1583226974 _n0006455099 _sactive |
||
| 938 |
_aIngram _bINGR _n1583226974 |
||
| 938 |
_aYBP Library Services _bYANK _n2219351 |
||
| 938 |
_aBaker and Taylor _bBTCP _n2005018780 |
||
| 942 |
_2lcc _cbk |
||
| 994 |
_aC0 _bDRFGD |
||
| 999 |
_c11797 _d11797 |
||